000 00284nam a22001337a 4500
008 180309b xxu||||| |||| 00| 0 eng d
020 _a9781879237766
041 _aeng
080 _a159.9
100 _a49
101 _aPSI
245 _aBelonging
_cBrassell, W.R
942 _2udc
_cBK
999 _c44575
_d44575